000 00627nam a2200229Ia 4500
003 OSt
005 20221005124136.0
006 a|||||r|||| 00| 0
007 ta
008 221004b |||||||| |||| 00| 0 eng d
024 _a66892
037 _cTextual
040 _aCRL
_cCRL
_beng
041 _2eng
_aeng
082 _aV73:190161:N5, H8
100 _aReitzel William
_9634756
245 0 _aMediterranean
_b Its role in Americas foreign policy
260 _c1948
650 _aUNITED STATES - HISTORY
_931585
942 _hV73:190161:N5, H8
_cTEXL
_2cc
999 _c1049582
_d1049582